000 00970cab a2200301 4500
001 WB3125-10
008 090401t1995 xxu||||| |||| 00| 0 eng d
035 _a(Sirsi) u15115
041 _aeng
245 _aRetailers` expansion plans
260 _c1995
350 _a0
490 _aProperty Week
_v51(13) 29 June 1995, 9(1)
520 _aJLW has published research on retailers preferred location for new stores and reasons for increasing their space requirements. "Retailer property intentions".
650 _aBRITISH RETAIL CONSORTIUM
650 _aEXPANSION
650 _aOUT-OF-TOWN SHOPPING
650 _aPLANNING POLICY
650 _aPLANNING POLICY GUIDANCE NOTE 13
650 _aPLANNING POLICY GUIDANCE NOTE SIX
650 _aRETAIL PROPERTY
650 _aRETAILERS
650 _aSPACE REQUIREMENTS
690 _aPROPERTY-COMMERCIAL PROPERTY-RETAIL PROPERTY
690 _aPLANNING LAW AND PRACTICE
942 _n0
948 _c04/03/1997
999 _c9876
_d9876